000 00322nam a22001337a 4500
008 170921b xxu||||| |||| 00| 0 eng d
020 _a389693418X
041 _aeng
080 _a7
100 _a45
101 _aART
245 _aSONNTAGE EINES FROSSSTADTISCHEN ARBEITERS IN DER NATUR
_cBUCHVERLAG, W
942 _2udc
_cBK
999 _c28629
_d28629